000 00379nam a22001097a 4500
082 _a954
100 _aदहिया,पूनम दलाल
_973132
245 _aप्राचीन और मध्‍यकालीन भारत द्वितीय संस्‍करण
260 _aChannai
_bMcGraw Hill
_c2023
650 _aइतिहास
942 _cHIN
999 _c66276
_d66276